Mensaje de la salvación para el hombre actual / [por] Eugen Walter ; tr. por José Luis Viloria

Tallennettuna:
Bibliografiset tiedot
Päätekijä: Walter, Eugen (autor)
Aineistotyyppi: Kirja
Painos:2a ed.
Sarja:Col. "Cristianismo y Hombre Actual" (20)
Aiheet:
Tagit: Lisää tagi
Ei tageja, Lisää ensimmäinen tagi!

MARC

LEADER 00000nam^a2200000^u^4500
001 000544225
005 20250521000000.0
008 060220s1000^^^^^^^^^^^^r^^^^^000^0^spa^d
009 20260310131324.639
035 |a FMI 000013334 
037 |a Acervo Xavier Clavigero 
096 |a 5.6/11/B 
100 |a Walter, Eugen  |e (autor) 
245 1 0 |a Mensaje de la salvación para el hombre actual / [por] Eugen Walter ; tr. por José Luis Viloria 
250 |a 2a ed. 
264 |a Madrid : Guadarrama, 1967 
300 |a 143 p. 
336 |a texto  |b txt  |2 rdacontenido 
337 |a sin mediación  |b n  |2 rdamedio 
338 |a volumen  |b nc  |2 rdasoporte 
440 0 |a Col. "Cristianismo y Hombre Actual" (20) 
597 |a Trad. del alemán ("Der gottesbund gestern und heute"). 
649 |a XX 
650 |a ANTROPOLOGÍA TEOLOGICA 
910 |a Fondo Francisco Migoya Covarrubias S.J. 
920 |a Impresos - Libros 
930 |a Fondos Especiales 
905 |a 134 
901 |a SBC09584  |b IT2  |c ESP  |u 20250521 
902 |a https://opac.biblio.iteso.mx/vufind/Record/000544225